00793 2200301 4500001002100000005001500021035002000036007000300056040001700059100003100076245005100107250001200158300003500170020002300205041000800228082001000236084001600246090001900262264003900281336002100320337003000341338002300371650001100394850001000405008004100415504002500456990001000481INLIS00000000000797120260529113148 a0010-0922000460ta aSBPUPADbind0 aBambang DwilokaePengarang1 aTeknik Menulis Karya Ilmiah /cBambang Dwiloka a,-cet,2 axv, 209 hlm :bilus ;c23,5 cm a978-979--518-943-5 aind a808.4 a808.4 BAM t a813 KAT q 24-9 a,--Jakarta; :bRineka Cipta,c2012 2rdacontentateks 2rdamediaatanpa perantara 2rdacarrieravolume 4asastra aPUPAD260529 1  aBibliografi, hlm 203 a22059